00322nam a2200109Ia 4500008004000000020001800040082001600058100002100074245006300095260004200158300001200200210210b1988 xxu||||| |||| 00| 0 eng d a81 7035 042 5 a305.56 CHAC aCHAUDHARY (S N). aChanging status of depressed castes in contemporary India. aDelhi.bDaya Publishing House.,c1988 axii,180